ESSENTIALS OF CONTEMPORARY MANAGEMENT (Record no. 76358)

MARC details
000 -LEADER
fixed length control field 00340nam a2200145Ia 4500
003 - CONTROL NUMBER IDENTIFIER
control field OSt
005 - DATE AND TIME OF LATEST TRANSACTION
control field 20260117115547.0
020 ## - INTERNATIONAL STANDARD BOOK NUMBER
International Standard Book Number 978-0-07-786253-4
040 ## - CATALOGING SOURCE
Transcribing agency LIBRARY OF CONGRESS
050 ## - LIBRARY OF CONGRESS CALL NUMBER
Classification number HD 31 .J66 2015
100 ## - MAIN ENTRY--PERSONAL NAME
Personal name GARETH R. JONES
245 #0 - TITLE STATEMENT
Title ESSENTIALS OF CONTEMPORARY MANAGEMENT
300 ## - PHYSICAL DESCRIPTION
Extent XXXI,545P.
942 ## - ADDED ENTRY ELEMENTS (KOHA)
Koha item type Long Loan Book
Source of classification or shelving scheme Library of Congress Classification
Holdings
Withdrawn status Lost status Source of classification or shelving scheme Damaged status Not for loan Collection Home library Current library Shelving location Inventory number Total checkouts Full call number Barcode Date last seen Copy number Koha item type Date acquired Price effective from
    Library of Congress Classification     Business & Economics Kisii University Library Kisii University Library On Display 86932   HD 31 .J66 2015 000000015777 09/15/2023 C.194 Long Loan Book    
    Library of Congress Classification     Business & Economics Kisii University Library Kisii University Library On Display 86051   HD 31 .J66 2015 000000021635 01/17/2026 74 Long Loan Book 01/17/2026 01/17/2026